Vytvorenie procesnej mapy procesov prebiehajúcich v elektronickom obchode bakalárska práca

Uložené v:
Podrobná bibliografia
Hlavný autor: Kolík, Jakub
Korporativný autor: Fakulta podnikového manažmentu EU. Katedra informačného manažmentu
Ďalší autori: Černý, Matej, 1982-
Médium: Kniha
Jazyk:Slovak
Vydavateľské údaje: Bratislava 2025
Tagy: Pridať tag
Žiadne tagy, Buďte prvý, kto otaguje tento záznam!

MARC

LEADER 00000nbm a2200000 4500
001 0309708
005 20260113142601.5
041 0 |a slo 
044 |a SK 
245 1 0 |a Vytvorenie procesnej mapy procesov prebiehajúcich v elektronickom obchode  |b bakalárska práca  |c Jakub Kolík ; školiteľ: Matej Černý 
264 1 |a Bratislava  |c 2025 
300 |a 41 s. 
100 1 |a Kolík, Jakub 
700 1 |a Černý, Matej, 1982- 
710 2 |a Fakulta podnikového manažmentu EU. Katedra informačného manažmentu